DELTA MODEL REINVENTING YOUR BUSINESS ST (Record no. 24182)

MARC details
000 -LEADER
fixed length control field 00341nam a2200133Ia 4500
008 - FIXED-LENGTH DATA ELEMENTS--GENERAL INFORMATION
fixed length control field 240624s9999 xx 000 0 und d
041 ## - LANGUAGE CODE
Language code of text/sound track or separate title eng
082 ## - DEWEY DECIMAL CLASSIFICATION NUMBER
Classification number 658.4012 HAX
100 ## - MAIN ENTRY--PERSONAL NAME
Personal name HAX ARNOLDO C
245 ## - TITLE STATEMENT
Title DELTA MODEL REINVENTING YOUR BUSINESS ST
260 ## - PUBLICATION, DISTRIBUTION, ETC.
Date of publication, distribution, etc. 2010
Place of publication, distribution, etc. Cambridge
Name of publisher, distributor, etc. Springer
300 ## - PHYSICAL DESCRIPTION
Extent xx, : 235 : p.
365 ## - TRADE PRICE
Currency code ERU
Price amount 28
Holdings
Withdrawn status Lost status Damaged status Not for loan Home library Current library Shelving location Date acquired Source of acquisition Cost, normal purchase price Full call number Barcode Date last seen Copy number Price effective from Koha item type
        IMTN IMTN Rack 28-B 05/15/2015 VBC 44.99 658.4012 HAX 24182 06/24/2024 71.8 06/24/2024 Books
Designed & Maintained by: LRC IMT Nagpur Contact: lrc@imtnag.ac.in© 2024. All Rights Reserved.